00374nam a2200133Ia 45000010005000000080041000050200022000460820019000681000021000872450071001082600019001799010027001989990015002252504241024s9999 xx 000 0 und d a978-9945-074-48-2 aRD/972.9/F825r aJosé L. Franco 0aRevoluciones y conflictos internacionales en el Caribe (1789-1854) bCorripioc2012 a19/9/2012 3:31:33 p.m. c7613d7613